[Event "Guimaraes 2nd"]
[Site "Guimaraes"]
[Date "2018.10.05"]
[Round "2"]
[White "Silva, Daniel Frederico V"]
[Black "Paasikangas Tella, Johanna"]
[Result "0-1"]
[WhiteElo "1709"]
[BlackElo "2233"]
[PlyCount "54"]
[EventDate "2018.10.04"]
[EventType "swiss"]
[EventRounds "7"]
[EventCountry "POR"]
[SourceTitle "CBM 186 Extra"]
[Source "ChessBase"]
[SourceDate "2018.08.24"]
[SourceVersion "1"]
[SourceVersionDate "2018.08.24"]
[SourceQuality "1"]

1. e4 d5 2. exd5 Qxd5 3. Nc3 Qa5 4. d4 c6 5. Bc4 Nf6 6. Nge2 Bg4 7. f3 Bh5 8. 0-0 e6 9. Re1 Nbd7 10. Bd2 Qb6 11. Kh1 Bg6 12. Bb3 Bd6 13. Bf4 Bxf4 14. Nxf4 0-0-0 15. Na4 Qc7 16. Nh3 h6 17. Qe2 Bf5 18. Nf2 g5 19. c4 h5 20. g3 g4 21. f4 h4 22. Kg2 Rh6 23. Nc3 Rdh8 24. Rh1 Nh5 25. Rac1 Nxf4+ 26. gxf4 Qxf4 27. Nce4 h3+ 0-1

[Event "Famalicao op 6th"]
[Site "Famalicao"]
[Date "2018.08.01"]
[Round "5"]
[White "Goncalves, Lucas Jordao"]
[Black "Silva, Daniel Frederico V"]
[Result "0-1"]
[WhiteElo "1434"]
[BlackElo "1678"]
[PlyCount "60"]
[EventDate "2018.07.29"]
[EventType "swiss"]
[EventRounds "9"]
[EventCountry "POR"]
[SourceTitle "CBM 185 Extra"]
[Source "ChessBase"]
[SourceDate "2018.07.29"]
[SourceVersion "1"]
[SourceVersionDate "2018.07.29"]
[SourceQuality "1"]

1. e4 e5 2. Nf3 Nc6 3. Bc4 Bc5 4. c3 Nf6 5. d3 d6 6. Nbd2 0-0 7. h3 a5 8. 0-0 Ne7 9. Re1 Be6 10. Bxe6 fxe6 11. Qb3 Qd7 12. Ng5 Bxf2+ 13. Kxf2 Nxe4+ 14. Kg1 Nxg5 15. Nc4 a4 16. Qd1 Nf7 17. d4 exd4 18. Qxd4 Nc6 19. Qg4 Nfe5 20. Nxe5 Nxe5 21. Qe4 Qf7 22. Be3 Nc6 23. Rf1 Qg6 24. Rxf8+ Rxf8 25. Qxa4 Qg3 26. Qe4 Ne5 27. Rf1 d5 28. Rxf8+ Kxf8 29. Qb4+ Kg8 30. Bf4 Nf3+ 0-1

[Event "Gaia Profigaia op 18th"]
[Site "Vila Nova de Gaia"]
[Date "2018.06.30"]
[Round "5"]
[White "Silva, Daniel Frederico V"]
[Black "Duarte, Duarte Nuno Nog"]
[Result "0-1"]
[WhiteElo "1678"]
[BlackElo "1912"]
[PlyCount "72"]
[EventDate "2018.06.27"]
[EventType "swiss"]
[EventRounds "7"]
[EventCountry "POR"]
[SourceTitle "CBM 185 Extra"]
[Source "ChessBase"]
[SourceDate "2018.07.29"]
[SourceVersion "1"]
[SourceVersionDate "2018.07.29"]
[SourceQuality "1"]

1. e4 e5 2. Nf3 Nc6 3. d3 Nf6 4. Be2 Bc5 5. 0-0 h6 6. Nc3 d6 7. Be3 Bb6 8. d4 Ng4 9. Bb5 Bd7 10. h3 exd4 11. Bxd4 Nxd4 12. Bxd7+ Qxd7 13. Nxd4 Ne5 14. Nf5 g6 15. Nd4 0-0-0 16. Kh1 f5 17. a4 fxe4 18. Nxe4 d5 19. Nc3 a6 20. f4 Nc4 21. Rf3 Nxb2 22. Qc1 Bxd4 23. Qxb2 c6 24. Rb1 Rh7 25. Qb3 Bxc3 26. Rxc3 Qc7 27. Qb4 Re8 28. Rcb3 Rhe7 29. Kh2 g5 30. g3 gxf4 31. gxf4 Rf7 32. Kg3 Rg8+ 33. Kf3 Rgf8 34. Kg2 b5 35. axb5 Rxf4 36. Qa3 Rf2+ 0-1

[Event "Gaia Profigaia op 18th"]
[Site "Vila Nova de Gaia"]
[Date "2018.06.29"]
[Round "3"]
[White "Silva, Daniel Frederico V"]
[Black "Duarte, Francisco"]
[Result "1/2-1/2"]
[WhiteElo "1678"]
[BlackElo "1218"]
[PlyCount "82"]
[EventDate "2018.06.27"]
[EventType "swiss"]
[EventRounds "7"]
[EventCountry "POR"]
[SourceTitle "CBM 185 Extra"]
[Source "ChessBase"]
[SourceDate "2018.07.29"]
[SourceVersion "1"]
[SourceVersionDate "2018.07.29"]
[SourceQuality "1"]

1. e4 e5 2. Nf3 Nc6 3. Bc4 Bc5 4. d3 Nf6 5. Be3 Bb6 6. Nc3 d6 7. d4 exd4 8. Nxd4 Nxd4 9. Bxd4 Ba5 10. 0-0 c5 11. Bxf6 Qxf6 12. Bb5+ Bd7 13. Bxd7+ Kxd7 14. Qd3 Bxc3 15. bxc3 Rhe8 16. Rab1 b6 17. f3 Re6 18. Rb3 Qg5 19. f4 Qe7 20. Qd5 Rb8 21. Ra3 a5 22. Ra4 Kc7 23. Re1 Qf6 24. e5 dxe5 25. fxe5 Qd8 26. Qf3 Qe7 27. Rae4 Re8 28. Kf2 Qg5 29. Qxf7+ R8e7 30. Qf4 Qh5 31. Kg1 Rf7 32. Qh4 Qg6 33. Rd1 Qf5 34. Qd8+ Kc6 35. Qd3 Qf2+ 36. Kh1 Rg6 37. Qd5+ Kc7 38. Ree1 Rh6 39. e6 Rxh2+ 40. Kxh2 Qh4+ 41. Kg1 Qf2+ 1/2-1/2

[Event "Lisbon Portugal rapid op"]
[Site "Lisbon"]
[Date "2018.02.10"]
[Round "1"]
[White "Sousa, Andre Ventura"]
[Black "Silva, Daniel Frederico V"]
[Result "1-0"]
[WhiteElo "2405"]
[BlackElo "1536"]
[PlyCount "51"]
[EventDate "2018.02.10"]
[EventType "swiss (rapid)"]
[EventRounds "8"]
[EventCountry "POR"]
[SourceTitle "CBM 182 Extra"]
[Source "ChessBase"]
[SourceDate "2018.02.23"]
[SourceVersion "1"]
[SourceVersionDate "2018.02.23"]
[SourceQuality "1"]

1. e4 e5 2. Nf3 Nc6 3. Bb5 d6 4. c3 Bd7 5. d4 exd4 6. cxd4 a6 7. Bc4 h6 8. 0-0 Nge7 9. Nc3 g6 10. Qb3 Bg7 11. Bxf7+ Kf8 12. a4 Nxd4 13. Nxd4 Bxd4 14. Be6 Bc6 15. Qd1 Bg7 16. Qf3+ Nf5 17. Nd5 Bxd5 18. Bxd5 Qf6 19. exf5 c6 20. Be6 g5 21. Ra3 h5 22. Rb3 g4 23. Qd3 d5 24. Rxb7 Qe5 25. Qa3+ Ke8 26. Qe7# 1-0

[Event "Lisbon Portugal op"]
[Site "Lisbon"]
[Date "2018.02.04"]
[Round "4"]
[White "Silva, Daniel Frederico V"]
[Black "Silva, Mariana Sofia Teixe"]
[Result "0-1"]
[WhiteElo "1536"]
[BlackElo "1901"]
[PlyCount "78"]
[EventDate "2018.02.03"]
[EventType "swiss"]
[EventRounds "9"]
[EventCountry "POR"]
[SourceTitle "EXT 2019"]
[Source "ChessBase"]
[SourceDate "2018.10.10"]
[SourceVersion "1"]
[SourceVersionDate "2018.10.10"]
[SourceQuality "1"]

1. e4 c6 2. d4 d5 3. exd5 cxd5 4. Nf3 Nf6 5. Be2 Nc6 6. 0-0 Bf5 7. Be3 e6 8. c3 Bd6 9. Nbd2 Qc7 10. h3 h6 11. Ne1 0-0 12. Bd3 Bxd3 13. Nxd3 Rac8 14. f4 Nd7 15. Nf3 Ne7 16. Qd2 Nb6 17. Kh1 Nc4 18. Qe1 Nxe3 19. Qxe3 Nf5 20. Qf2 Bxf4 21. Nxf4 Qxf4 22. Ne5 Qxf2 23. Rxf2 Ng3+ 24. Kh2 Ne4 25. Rf4 b5 26. g4 Rc7 27. h4 Nd6 28. Raf1 a5 29. a3 Ne4 30. Ng6 Rb8 31. Ne5 f6 32. Ng6 b4 33. cxb4 axb4 34. h5 Rc2+ 35. Kg1 bxa3 36. bxa3 Rbb2 37. Nh4 Ng3 38. R4f2 Nxf1 39. Rxc2 Rxc2 0-1

[Event "EU-ch U10 27th"]
[Site "Mamaia"]
[Date "2017.09.11"]
[Round "6"]
[White "Franc, Borna"]
[Black "Silva, Daniel Frederico V"]
[Result "1/2-1/2"]
[WhiteElo "1624"]
[BlackElo "1432"]
[PlyCount "77"]
[EventDate "2017.09.05"]
[EventType "swiss"]
[EventRounds "9"]
[EventCountry "ROU"]
[SourceTitle "CBM 180 Extra"]
[Source "ChessBase"]
[SourceDate "2017.10.06"]
[SourceVersion "1"]
[SourceVersionDate "2017.10.06"]
[SourceQuality "1"]

1. e4 e5 2. Nf3 Nc6 3. Bc4 Bc5 4. d3 h6 5. Nc3 Nf6 6. h3 d6 7. Be3 Bb6 8. 0-0 Be6 9. Bb3 d5 10. exd5 Nxd5 11. Nxd5 Bxd5 12. Bxd5 Qxd5 13. Bxb6 axb6 14. a3 0-0 15. c4 Qd6 16. Qc2 Rad8 17. Rad1 Rfe8 18. Rfe1 Qf6 19. Re4 Nd4 20. Nxd4 Rxd4 21. Rde1 Qd6 22. Rxd4 Qxd4 23. Re4 Qd6 24. d4 f5 25. Rxe5 Rxe5 26. dxe5 Qxe5 27. Qd2 Kh7 28. Qc2 Kg6 29. Qd2 Qe4 30. Qc3 Kf7 31. b4 g5 32. c5 b5 33. Qh8 Qe1+ 34. Kh2 Qxf2 35. Qh7+ Ke8 36. Qg8+ Ke7 37. Qg7+ Kd8 38. Qf8+ Kd7 39. Qf7+ 1/2-1/2

[Event "EU-ch U10 27th"]
[Site "Mamaia"]
[Date "2017.09.07"]
[Round "3"]
[White "Silva, Daniel Frederico V"]
[Black "Testelecs Kuprijans, Ilja"]
[Result "1-0"]
[WhiteElo "1432"]
[BlackElo "1222"]
[PlyCount "63"]
[EventDate "2017.09.05"]
[EventType "swiss"]
[EventRounds "9"]
[EventCountry "ROU"]
[SourceTitle "CBM 180 Extra"]
[Source "ChessBase"]
[SourceDate "2017.10.06"]
[SourceVersion "1"]
[SourceVersionDate "2017.10.06"]
[SourceQuality "1"]

1. e4 e5 2. Nf3 Nc6 3. Bc4 Bc5 4. d3 Nf6 5. Nc3 h6 6. Be3 Bb6 7. Qd2 d6 8. h3 Be6 9. Bb3 d5 10. exd5 Bxd5 11. Nxd5 Nxd5 12. 0-0 0-0 13. Rfe1 Nxe3 14. fxe3 Ba5 15. c3 Qd6 16. Re2 Rad8 17. Rd1 Rd7 18. d4 Qe7 19. Qc2 Rfd8 20. d5 Nb8 21. e4 c6 22. Kh1 Na6 23. a3 Nc7 24. c4 b5 25. c5 cxd5 26. exd5 Nxd5 27. Rxe5 Ne3 28. Rxe7 Rxd1+ 29. Qxd1 Nxd1 30. Rxa7 Nxb2 31. Rxa5 Nd3 32. Rxb5 1-0